000 00408nam a22001577a 4500
003 OSt
005 20211221135144.0
008 211221b |||||||| |||| 00| 0 eng d
040 _cHU
050 _a577.6
100 _aLOTUS HERBERT
_923906
245 _aESSENIAL TOPICS IN ECOLOGICAL WATER QUALITY
260 _aNEW WORK
_bCALLISTO REFERENCE
_c2015
300 _aVII 263 p.
_bHC
_c27
942 _2ddc
_cBOOKS
_n0
999 _c23173
_d23173